Statystyki dla Największe miasta Imperium Rosyjskiego

Kliknij tutaj aby rozwiązać quiz!

Ogólne statystyki

  • Ten quiz został rozwiązany 240 razy
  • Średni wynik to 14 z 50

Statystyki odpowiedzi

HintOdpowiedź% Poprawnych
1 038 591Moskwa
100%
1 264 920Petersburg
92%
247 723Kijów
86%
683 692Warszawa
84%
90 912Mińsk
78%
154 532Wilno
77%
282 230Ryga
72%
173 989Charków
54%
314 020Łódź
52%
111 904Baku
49%
66 032Białystok
49%
403 815Odessa
48%
129 959Kazań
45%
70 920Kowno
39%
53 595Sewastopol
39%
55 186Carycyn
38%
90 053Niżny Nowogród
38%
89 999Samara
36%
119 476Rostów nad Donem
33%
108 483Kiszyniów
27%
112 880Astrachań
23%
155 673Taszkent
21%
70 920Jarosław
20%
137 147Saratów
18%
80 599Woroneż
18%
75 721Kursk
17%
114 733Tuła
17%
59 076Chersoń
15%
65 871Witebsk
14%
92 012Mikołajów
13%
53 544Twer
13%
53 703Połtawa
12%
65 895Żytomierz
12%
64 572Rewel
9%
72 425Orenburg
8%
69 735Orzeł
8%
55 128Samarkanda
7%
59 981Penza
6%
159 590Tyflis
6%
77 484Helsingfors
5%
112 839Jekaterynosław
5%
64 489Lipawa
4%
69 675Dźwińsk
3%
65 606Jekaterynodar
3%
61 488Jelizawietgrad
2%
81 354Kokand
2%
59 525Kronsztad
2%
63 007Krzemieńczuk
2%
62 017Namangan
2%
54 208Iwanowo-Wozniesieńsk
1%

Rozkład punktacji

Percentyl według liczby udzielonych odpowiedzi

Procent ludzi z każdym wynikiem

Twoja historia wyników

Nie rozwiązałeś tego quizu